| 000 | 00510nam a2200145Ia 4500 | ||
|---|---|---|---|
| 008 | 170221s9999 xx 000 0 und d | ||
| 100 | _aAlexandr Vetitnev | ||
| 245 | _aAnalysis of tourists’ expenditures at the 2014 Sochi Olympic Games | ||
| 245 | _cAlexandr Vetitnev, Nadezhda Bobina, Olga Zelenskaya | ||
| 260 | _bInternational Review of Management and Marketing | ||
| 260 | _cMarch 2016 | ||
| 300 | _a5:1 | ||
| 650 | _xMarketing. | ||
| 856 | _uhttp://www.econjournals.com/index.php/irmm/issue/view/72 | ||
| 999 |
_c310007 _d310007 |
||